LEADER 00963nam a2200229 i 4500 001 000000213449 003 CaOOAMICUS 005 20120523000000.0 008 120523s1906 xx u000 u lat u 013 $a192304 040 $aSeMil$bita 100 1 $aNoldin, Jérôme,$c.$0(OLS)http://semarc/name/1303 245 13$aDe Matrimonio :$bad usum scholarum ex Summa Theologiae Moralis /$cexprimendum curavit H. Noldin. 250 $aEditio sexta. 260 $aRatisbonae et Romae :$bFr. Pustet & C.,$c1906. 300 $a239 p. ;$c22 cm. 500 $aContiene : Appendix. 650 4$aMorale sessuale.$0(OLS)http://semarc/subject/3413 850 $aSeMil 852 $aSeMil$W1$xVenegono$y1$m2E II 67$j163879$B163879$CSeMilBibl$Z2$F174938 $81 996 $6245$aDe Matrimonio :$bad usum scholarum ex Summa Theologiae Moralis$9(OLS)http://semarc/title/307711 996 $6260$aRatisbonae et Romae :$bFr. Pustet & C.$9(OLS)http://semarc/publisher/41088 LEADER 00874nam a2200217 i 4500 001 000000067340 003 CaOOAMICUS 005 20080725000000.0 008 080725s1954 gw u000 u ger u 013 $a38512 040 $aSeMil$bita 100 1 $aLessing, Gotthold Ephraim,$d<1729-1784>.$0(OLS)http://semarc/name/692 245 10$aDramen ; Dramenfragmente /$cGotthold Ephraim Lessing. 260 $aBerlin :$bAufbau-Verlag,$c1954. 300 $a577 p. ;$c20 cm. 773 0 $aLessing, Gotthold Ephraim <1729-1784>$tGesammelte Werke.$dBerlin : Aufbau-Verlag, 1954-1958.$g2$w()829 850 $aSeMil 852 $aSeMil$W1$xVenegono$y1$m1W VI 103$j33493$B33493$CSeMilBibl$Z2$F33496 $81 961 $aOmaggio: Donazione 996 $6245$aDramen ; Dramenfragmente$9(OLS)http://semarc/title/107328 996 $6260$aBerlin :$bAufbau-Verlag$9(OLS)http://semarc/publisher/30033